| 000 | 00612nam a2200205Ia 4500 | ||
|---|---|---|---|
| 008 | 131103s9999 xx 000 0 und d | ||
| 020 | _a0 8189 0432 1 | ||
| 040 | _aLoreto College | ||
| 041 | _aEnglish | ||
| 082 |
_a236.8/ROB _bLCLIB/28054 |
||
| 100 | _aRobillard, Edmond | ||
| 245 |
_aReincarnation illusion or reality ? _cEdmond Robillard; translated by K D Whitehead |
||
| 260 |
_aNew York _bAlba _c1982 |
||
| 300 |
_axi,180p. _b ill., plates _c 22cm. |
||
| 650 | _aChristianity & reincarnation | ||
| 651 | _aChristianity | ||
| 700 | _aWhitehead, K D; tr. | ||
| 850 | _aLCLIB/236.8/ROB | ||
| 942 | _cBK | ||
| 999 |
_c25658 _d76137 |
||